000 00212nam a2200097Ia 4500
008 170619s9999 xx 000 0 und d
100 _aMorrison- R T
245 0 _aOrganic Chemistry
260 _bPearson
260 _c2012
546 _aENGLISH
999 _c21112
_d21112